000 00686nam a2200217Ia 4500
008 160517s9999 xx 000 0 und d
050 _aHD 28
050 _b.F118 2016
100 _aFabian, Joshua Christian I.
245 _aInventory and equipment request management system for the science laboratory of southville international school and colleges /
245 _cJoshua Christian I. Fabian.
260 _aLas PiƱas, Philippines :
260 _bSISC,
260 _c2016.
300 _a159 pages :
300 _billustrations ;
300 _c28 cm.
500 _aIncludes bibliographical references and appendices.
521 _aInformation Technology
942 _cTH
999 _c293943
_d293943